000 00530nam a2200181 a 4500
001 1770453313181
003 YourLibrary
005 20260207140845.0
008 260207s2009##################000#0#eng##
020 _a9781420082661
082 0 4 _a330.015192
_bSRI
100 1 _aSriboonchita, Songsak,
_eauthor.
245 1 0 _aStochastic Dominance and Applications to Finance, Risk and Economics :
260 _bChapman and Hall/CRC,
_c2009.
650 0 _aMathematics.
942 _cENGLISH
040 _aYourLibrary
_beng
_cYourLibrary
999 _c611075
_d611075